000
00348nam a2200145Ia 4500
008
210716s2005 xx 000 0 und d
041
_a
eng
082
_a
660.6 JOGS
100
_a
Jogdand, S N.
245
_a
Advances in biotechnology.
250
_a
1
260
_a
New Delhi
_b
Himalaya Publishing House
_c
2005
300
_a
311
650
_a
None
999
_c
187295
_d
187295